Arda Turan’ın Gol Attığı Ülkeler - Statistics

General Stats
  • This quiz has been taken 35 times
  • The average score is 5 of 13
Answer Stats
Ülke Gol Sonuncu % Correct
Çekya 2 2010
76%
Hollanda 1 2015
65%
İsviçre 1 2008
62%
Belçika 1 2010
56%
Romanya 1 2010
56%
Andorra 1 2013
41%
Avusturya 2 2016
35%
Estonya 1 2009
35%
ABD 1 2010
29%
Bosna-Hersek 1 2008
29%
Kazakistan 3 2015
26%
Katar 1 2015
3%
Uruguay 1 2008
3%
No matching quizzes found
Score Distribution
Percent of People with Each Score
Percentile by Number Answered
Your Score History
You have not taken this quiz